<?xml version="1.0" encoding="UTF-8"?>
<record
    xmlns:xsi="http://www.w3.org/2001/XMLSchema-instance"
    xsi:schemaLocation="http://www.loc.gov/MARC21/slim http://www.loc.gov/standards/marcxml/schema/MARC21slim.xsd"
    xmlns="http://www.loc.gov/MARC21/slim">

  <leader>02413nam a22004337i 4500</leader>
  <datafield tag="999" ind1=" " ind2=" ">
    <subfield code="c">23662</subfield>
    <subfield code="d">23662</subfield>
  </datafield>
  <controlfield tag="003">AR-CdUCM</controlfield>
  <controlfield tag="008">260429b2023    pe d|||| |||| 00| 0 spa d</controlfield>
  <datafield tag="020" ind1=" " ind2=" ">
    <subfield code="a">978-612-49351-5-2</subfield>
  </datafield>
  <datafield tag="040" ind1=" " ind2=" ">
    <subfield code="a">MUNICIPALIDAD PROVINCIAL DEL CUSCO</subfield>
    <subfield code="c">BIBLIOTECA MUNICIPAL DEL CUSCO</subfield>
  </datafield>
  <datafield tag="082" ind1=" " ind2=" ">
    <subfield code="a">616.89</subfield>
    <subfield code="b">C35 / t.1 </subfield>
  </datafield>
  <datafield tag="100" ind1=" " ind2=" ">
    <subfield code="a">Castro Morales, Jorge - Vargas Murga, Horacio</subfield>
  </datafield>
  <datafield tag="245" ind1=" " ind2=" ">
    <subfield code="a">Desarrollo biopsicosocial en ni&#xF1;os y adolescentes / </subfield>
  </datafield>
  <datafield tag="260" ind1=" " ind2=" ">
    <subfield code="a">Per&#xFA; : </subfield>
    <subfield code="b">Fondo Editorial Cayetano</subfield>
    <subfield code="c">2023</subfield>
  </datafield>
  <datafield tag="300" ind1=" " ind2=" ">
    <subfield code="a">220 p&#xE1;ginas. : </subfield>
    <subfield code="c">17x24 cm.</subfield>
  </datafield>
  <datafield tag="500" ind1=" " ind2=" ">
    <subfield code="z">Bibliograf&#xED;a : p&#xE1;ginas del 27 - 29, 41 - 43</subfield>
  </datafield>
  <datafield tag="505" ind1=" " ind2=" ">
    <subfield code="a">Introducci&#xF3;n al desarrollo biopsicosocial -- Bases conceptuales del desarrollo humano -- Fundamentos neurobiol&#xF3;gicos del desarrollo infantil -- Influencia gen&#xE9;tica en el desarrollo -- Neurofisiolog&#xED;a del crecimiento y maduraci&#xF3;n -- Desarrollo prenatal y perinatal -- Desarrollo en la primera infancia -- Desarrollo en la etapa preescolar -- Desarrollo en la etapa escolar -- Desarrollo en la adolescencia -- Formaci&#xF3;n de la personalidad -- V&#xED;nculos afectivos y apego -- Procesos de socializaci&#xF3;n -- Desarrollo emocional y cognitivo -- Factores de riesgo psicosocial -- Trastornos del desarrollo infantil -- Salud mental en ni&#xF1;os y adolescentes -- Intervenciones en el desarrollo biopsicosocial -- Prevenci&#xF3;n y promoci&#xF3;n de la salud mental -- Rol de la familia y la comunidad</subfield>
  </datafield>
  <datafield tag="650" ind1=" " ind2=" ">
    <subfield code="a">Desarrollo infantil</subfield>
    <subfield code="9">25147</subfield>
  </datafield>
  <datafield tag="650" ind1=" " ind2=" ">
    <subfield code="a">Adolescencia</subfield>
    <subfield code="9">127</subfield>
  </datafield>
  <datafield tag="650" ind1=" " ind2=" ">
    <subfield code="a">Psicolog&#xED;a del desarrollo</subfield>
    <subfield code="9">52761</subfield>
  </datafield>
  <datafield tag="650" ind1=" " ind2=" ">
    <subfield code="a">Salud mental infantil</subfield>
    <subfield code="9">52814</subfield>
  </datafield>
  <datafield tag="650" ind1=" " ind2=" ">
    <subfield code="a">Psiquiatr&#xED;a infantil</subfield>
    <subfield code="9">52815</subfield>
  </datafield>
  <datafield tag="650" ind1=" " ind2=" ">
    <subfield code="a">Desarrollo biopsicosocial</subfield>
    <subfield code="9">52816</subfield>
  </datafield>
  <datafield tag="700" ind1=" " ind2=" ">
    <subfield code="a">Alvarado Merino, Rosa</subfield>
    <subfield code="9">52817</subfield>
  </datafield>
  <datafield tag="700" ind1=" " ind2=" ">
    <subfield code="a">Coloma Manrique, H&#xE9;ctor Manuel </subfield>
    <subfield code="9">52818</subfield>
  </datafield>
  <datafield tag="700" ind1=" " ind2=" ">
    <subfield code="a">Guill&#xE9;n Pinto, Daniel </subfield>
    <subfield code="9">52819</subfield>
  </datafield>
  <datafield tag="700" ind1=" " ind2=" ">
    <subfield code="a">Jhery Guti&#xE9;rrez, Sofia Rebeca </subfield>
    <subfield code="9">52820</subfield>
  </datafield>
  <datafield tag="700" ind1=" " ind2=" ">
    <subfield code="a">Macher Ostolaza, Enrique Dagoberto </subfield>
    <subfield code="9">52821</subfield>
  </datafield>
  <datafield tag="700" ind1=" " ind2=" ">
    <subfield code="a">Medina Alva, Mar&#xED;a del Pilar </subfield>
    <subfield code="9">52822</subfield>
  </datafield>
  <datafield tag="700" ind1=" " ind2=" ">
    <subfield code="a">Ochoa Torres, Carlos </subfield>
    <subfield code="9">52823</subfield>
  </datafield>
  <datafield tag="700" ind1=" " ind2=" ">
    <subfield code="a">Santiago G&#xF3;mez, Jorge Luis </subfield>
    <subfield code="9">52824</subfield>
  </datafield>
  <datafield tag="700" ind1=" " ind2=" ">
    <subfield code="a">Sullcahuaman Allende, Yasser Ciro</subfield>
    <subfield code="9">52825</subfield>
  </datafield>
  <datafield tag="700" ind1=" " ind2=" ">
    <subfield code="a">Strobbe Barbat, Mariella Francesca </subfield>
    <subfield code="9">52826</subfield>
  </datafield>
  <datafield tag="700" ind1=" " ind2=" ">
    <subfield code="a">Vargas Su&#xE1;rez, Horacio Kenneth </subfield>
    <subfield code="9">52827</subfield>
  </datafield>
  <datafield tag="700" ind1=" " ind2=" ">
    <subfield code="a">Vivar Cuba, Roxana</subfield>
    <subfield code="9">52828</subfield>
  </datafield>
  <datafield tag="856" ind1=" " ind2=" ">
    <subfield code="f">https://fondoeditorial.cayetano.edu.pe</subfield>
  </datafield>
  <datafield tag="942" ind1=" " ind2=" ">
    <subfield code="2">ddc</subfield>
    <subfield code="c">LIBROS</subfield>
  </datafield>
  <datafield tag="945" ind1=" " ind2=" ">
    <subfield code="a">esh</subfield>
    <subfield code="d">29-04-2026</subfield>
  </datafield>
  <datafield tag="952" ind1=" " ind2=" ">
    <subfield code="0">0</subfield>
    <subfield code="2">ddc</subfield>
    <subfield code="4">0</subfield>
    <subfield code="7">0</subfield>
    <subfield code="a">SC</subfield>
    <subfield code="b">SC</subfield>
    <subfield code="c">CART</subfield>
    <subfield code="d">2026-04-29</subfield>
    <subfield code="e">Donaci&#xF3;n</subfield>
    <subfield code="g">60.00</subfield>
    <subfield code="o">616.89 / C35 / t.1</subfield>
    <subfield code="p">SC0000002499</subfield>
    <subfield code="r">2026-04-29</subfield>
    <subfield code="y">LIBROS</subfield>
  </datafield>
</record>
